000 00773cab a2200241 4500
001 WB3429-16
008 090401t1998 xxu||||| |||| 00| 0 eng d
035 _a(Sirsi) u87669
041 _aeng
245 _aTeleworking homes
260 _c1998
350 _a0
490 _aTelegraph Weekend Magazine
_v25 July 1998, 18(1)
520 _aLooks at how the increase in teleworkers has meant an increase in the popularity of flats that combine residential accommodation and office facilities as well as an increase in barn and garage conversions.
650 _aCONVERSIONS
650 _aHOME OFFICES
650 _aOFFICE SPACE
650 _aPROPERTY REQUIREMENTS
650 _aTELEWORKING
690 _aECONOMIC AND SOCIAL
942 _n0
948 _c28/07/1998
999 _c55306
_d55306